| 000 | 00878nam a2200229 a 4500 | ||
|---|---|---|---|
| 001 | 000392223 | ||
| 003 | AM-YeHGA | ||
| 005 | 20250617132315.0 | ||
| 008 | 041206s1982 ||| r 000 0 rus d | ||
| 040 | _aAM-YeHGA | ||
| 041 | 0 | _arus | |
| 100 | 1 | _aЛенин, Владимир Ильич. | |
| 245 | 1 | 0 |
_aПамяти Герцена / _cВ.И. Ленин; Вступ. ст. Б.М. Морозова. |
| 260 |
_aМосква : _bКнига, _c1982. |
||
| 300 |
_a328 с. ; _c6 см. |
||
| 600 | 1 | 4 | _aГерцен, Александр Иванович |
| 653 | 0 | _aРусские революционные демократы | |
| 653 | 0 | _aОбщественная мысль в России - 19 в. | |
| 653 | 0 | _aРеволюционное движение в России - 19 в. | |
| 700 | 1 |
_aМорозов, Б.М. _eавт. вступ. ст. _4aui |
|
| 090 | _c150174 | ||
| 999 |
_c148785 _d148785 |
||